|
|
|
|
| LEADER |
00000nab a2200000 ar4500 |
| 001 |
vtls008427087 |
| 003 |
SK-MaSNL |
| 005 |
20260303065946.0 |
| 008 |
060131c2005 xo fr|p|||||||000 b|slo |
| 015 |
|
|
|a SNBRB2006/01
|2 snkbucl
|
| 038 |
|
|
|a SNKBUCL
|
| 040 |
|
|
|a SNKBUCL
|b slo
|c SNKBUCL
|e AACR2
|
| 041 |
0 |
|
|a slo
|
| 044 |
|
|
|a xo
|c SK
|
| 080 |
|
|
|a 658.15:69:624:061.5(437.6)
|2 1997
|
| 080 |
|
|
|a 69
|2 1997
|
| 080 |
|
|
|a 624
|2 1997
|
| 245 |
0 |
0 |
|a HORNEX - výstavba - inžinierska činnosť - projektovanie
|b HORNEX - vždy korektne, kultúrne a so špičkovými riešeniami ; interview pri káve s Ing. Ottom Hornáčkom, predsedom predstavenstva a generálnym riaditeľom a.s. HORNEX a viceprezidentom Zväzu stavebných podnikateľov Slovenska
|
| 300 |
|
|
|b Fotogr.
|
| 610 |
2 |
7 |
|a Hornex (Bratislava, Slovensko)
|2 snkbucl
|9 1051354
|
| 700 |
1 |
|
|a Hornáček, Otto
|4 ive
|4 aut
|9 1066717
|
| 773 |
0 |
|
|t IBC. International business cooperation
|g Roč. 16., č. 3 (2005), s. 8-9 a 26
|x 1336-2828
|
| 852 |
|
|
|a SNK
|b KIS3GCP
|
| 999 |
|
|
|c 1753424
|d 1755354
|